| 000 | 00483cam a2200157ua 4500 | ||
|---|---|---|---|
| 003 | OSt | ||
| 008 | 241226b |||||||| |||| 00| 0 eng d | ||
| 041 | _aeng | ||
| 082 |
_a621.31921 _bCAR/SI |
||
| 100 |
_aCarter, G W . _96601 |
||
| 245 | _aSimple calculation of electrical transistor:An elementary treatment of transient problems in linear electrical circuits / | ||
| 250 | _a1 / | ||
| 260 |
_aCambridge : _bCambridge University Press , _c1950. |
||
| 300 | _a120 ; . | ||
| 942 | _cBK | ||
| 999 |
_c8918 _d8918 |
||